Verejné umenie v procesoch verejného rozhodovania
Umenie ako alternatívna metóda priestorového plánovania. Význam umenia pri verejnom rozhodovaní. Umenie v službách aktivizmu v Bratislave. Umenie ako nástroj zapájania komunít. Občianske aktivity v oblasti regenerácie prostredia. Umenie vo verejných priestoroch.
Na minha lista:
| Autor principal: | |
|---|---|
| Formato: | Capítulo de Livro |
| Idioma: | eslovaco |
| Assuntos: | |
| Tags: |
Sem tags, seja o primeiro a adicionar uma tag!
|
MARC
| LEADER | 00000naa$a2200000$$$4500 | ||
|---|---|---|---|
| 001 | 0088358 | ||
| 005 | 20220715094010.3 | ||
| 041 | 0 | |a slo | |
| 044 | |a SK | ||
| 245 | 1 | 0 | |a Verejné umenie v procesoch verejného rozhodovania |c Zuzana Duchová |
| 520 | |a Umenie ako alternatívna metóda priestorového plánovania. Význam umenia pri verejnom rozhodovaní. Umenie v službách aktivizmu v Bratislave. Umenie ako nástroj zapájania komunít. Občianske aktivity v oblasti regenerácie prostredia. Umenie vo verejných priestoroch. | ||
| 610 | 2 | 0 | |a plánovanie územné |
| 610 | 2 | 0 | |a rozvoj územný |
| 610 | 2 | 0 | |a umenie |
| 610 | 2 | 0 | |a kultúra |
| 610 | 2 | 0 | |a múzeá |
| 610 | 2 | 0 | |a prostredie životné |
| 610 | 2 | 0 | |a občania |
| 610 | 2 | 0 | |a rozhodovanie |
| 100 | 1 | |a Duchová, Zuzana | |